00399nam a2200145Ia 4500008004100000020001500041041001200056082001600068100001300084245008500097260003400182300000700216650001600223700001400239221030s9999 xx 000 0 und d a8175440562 aEnglish a105.23bMeh aS. Mehta 0aWheeler`s Question Bank Series - LAN Local Area Networkscby S. Mehta, R. Bangia bWheeler Pub.aNew Delhic1999 a75 aBE Computer aR. Bangia